Normal view
MARC view
- RAYNUS, JOSEPH
Entry Personal Name
001 - CONTROL NUMBER
- control field: 89296
003 - CONTROL NUMBER IDENTIFIER
- control field: NUST
005 - DATE AND TIME OF LATEST TRANSACTION
- control field: 20220221160007.0
008 - FIXED-LENGTH DATA ELEMENTS
- fixed length control field: 220221|| aca||aabn | a|a d
040 ## - CATALOGING SOURCE
- Original cataloging agency: NUST
- Transcribing agency: NUST
100 ## - HEADING--PERSONAL NAME
- Personal name: RAYNUS, JOSEPH
670 ## - SOURCE DATA FOUND
- Source citation: Work cat.: (NUST): RAYNUS, JOSEPH., SOFTWARE PROCESS IMPROVEMENT WITH CMM /, 1999.
